Riconosci lo Stato - Quiz n°12 - Statistics

Statistiche generali
  • Questo quiz è stato fatto 89 volte
  • Il punteggio medio è 10 su 12
Statistiche sulle risposte
Indizio Risposta % Corretto
Valuta Scellino
97%
Iniziale della Capitale N
96%
Fuso Orario UTC+3
96%
Indipendenza dal Regno Unito il 12 dicembre 1963
95%
Presidente della Repubblica William Ruto
90%
Popolazione 54 727 751 ab.
88%
Superficie 582,650 km²
86%
Forma di Governo Repubblica presidenziale
85%
ISU 0,509
74%
PIL (nominale) 40,697 milioni di $
74%
Tasso di crescita 2,28%
70%
Risposta Kenya
66%
Nessun quiz corrispondente trovato
Distribuzione punteggi
Percentuale di utenti per punteggio
Percentile per numero di risposta
I tuoi punteggi nel tempo
Non hai fatto questo quiz